Measurement, instrumentation and experiment design in physics and engineering (Record no. 821226)

MARC details
000 -LEADER
fixed length control field 00702nam a2200217Ia 4500
008 - FIXED-LENGTH DATA ELEMENTS--GENERAL INFORMATION
fixed length control field 101110s9999 xx 000 0 und d
041 ## - LANGUAGE CODE
Language code of text/sound track or separate title ENGLISH
082 ## - DEWEY DECIMAL CLASSIFICATION NUMBER
Item number SR28699
100 ## - MAIN ENTRY--PERSONAL NAME
Personal name Sayer Michael and Mansingh Abhai
245 ## - TITLE STATEMENT
Title Measurement, instrumentation and experiment design in physics and engineering
260 ## - PUBLICATION, DISTRIBUTION, ETC. (IMPRINT)
Date of publication, distribution, etc 2005
Name of publisher, distributor, etc Prentice Hall of India, New Delhi
300 ## - PHYSICAL DESCRIPTION
Extent 360
365 ## - TRADE PRICE
Price amount 195
520 ## - SUMMARY, ETC.
Summary, etc Physics
546 ## - LANGUAGE NOTE
Language note ENGLISH
630 ## - SUBJECT ADDED ENTRY--UNIFORM TITLE
Uniform title Measurement, instrumentation and experiment design in physics and engineering
650 ## - SUBJECT ADDED ENTRY--TOPICAL TERM
Topical term or geographic name as entry element Physics
655 ## - INDEX TERM--GENRE/FORM
Genre/form data or focus term Physics
730 ## - ADDED ENTRY--UNIFORM TITLE
Uniform title Measurement, instrumentation and experiment design in physics and engineering
942 ## - ADDED ENTRY ELEMENTS (KOHA)
Koha item type Book
Holdings
Withdrawn status Lost status Damaged status Not for loan Home library Current library Shelving location Date acquired Source of acquisition Cost, normal purchase price Shelving control number Total Checkouts Barcode Date last seen Price effective from Koha item type
        D. B. J. College, Chiplun D. B. J. College, Chiplun     Prashant Book Depo, Chiplun, bill 006, dt.21/8/06 195.00     DBJSR28699 11/11/2010 11/11/2010 Book